Supplement to Chaturvedi & Pithisaria's Income Tax Law 2024/ (Record no. 208472)

MARC details
000 -LEADER
fixed length control field 00667nam a22002057a 4500
005 - DATE AND TIME OF LATEST TRANSACTION
control field 20250121163234.0
010 ## - LCCN (DPL NO)
LC control number ENG-143393
020 ## - INTERNATIONAL STANDARD BOOK NUMBER
Terms of availability 2995.00
International Standard Book Number 9789395116886
035 ## - SYSTEM CONTROL NUMBER
System control number EN-126925
037 ## - SOURCE OF ACQUISITION
Source of stock number/acquisition DBAD
082 ## - DEWEY DECIMAL CLASSIFICATION NUMBER
Classification number 343.41052
Edition number 8
100 ## - MAIN ENTRY--PERSONAL NAME
Personal name Chaturvedi
245 00 - TITLE STATEMENT
Title Supplement to Chaturvedi & Pithisaria's Income Tax Law 2024/
Statement of responsibility, etc by Chaturvedi [and] Pithisaria
250 ## - EDITION STATEMENT
Edition statement 8
260 ## - PUBLICATION, DISTRIBUTION, ETC. (IMPRINT)
Place of publication, distribution, etc Gurgaon
Name of publisher, distributor, etc Lexis Nexis
Date of publication, distribution, etc 2024
270 ## - ADDRESS
Address 14th Floor, Bldg. No.10, Tower-B, DLF Cyber City, Phase-II
City Gurgaon
Postal code 122002
300 ## - PHYSICAL DESCRIPTION
Extent lxxii,1111p.
Dimensions 24cm(Hb)
700 ## - ADDED ENTRY--PERSONAL NAME
Personal name Pithisaria
Relator term Author
9 (RLIN) 76544
942 ## - ADDED ENTRY ELEMENTS (KOHA)
Source of classification or shelving scheme Dewey Decimal Classification
Item type English Books
Call number suffix CHA
Classification part 343.41052
Holdings
Withdrawn status Lost status Not for loan Collection code Home library Current library Date acquired Source of acquisition Cost, normal purchase price Full call number Barcode Copy number Cost, replacement price Koha item type
    Not For Loan Reference Central Library Central Library 14/01/2025 Delivery of Books Act Division 2995.00 343.41052 CHA EN-126925 1 2995.00 English Books

© Delhi Public Library
Hit Counter
free hit counter